000 00652na a2200217 4500
001 23799
003 MIRAKIL
005 20181213155320.0
008 180102b tu 000 0
040 _aMilas
_btur
_cTR-AnCHP
041 _atur
082 _a327.561053
_bB67t 2016
090 _a327.561053 B67t 2016
100 _aBostancı, Mustafa
245 _aTürkiye-Suudi Arabistan ilişkileri (1926-1990)
_cMustafa Bostancı
260 _aAnkara
_b[yayl.y.]
_c2016
300 _a317 s.
_bhrt. , fotğ.
_c30 sm.
_e1 adet CD
504 _aKaynakça var.
650 _aTürkiye
_xUluslararası ilişkiler
_y1926-1990
_zArabistan
942 _2ddc
_cBKS
999 _c10406
_d10406